Μάτζικ Χόφμαν : μυθιστόρημα

Αποθηκεύτηκε σε:
Λεπτομέρειες βιβλιογραφικής εγγραφής
Κύριος συγγραφέας: Arjouni, Jacob
Μορφή: Βιβλίο
Γλώσσα:Greek
German
Δημοσίευση: Αθήνα : Καστανιώτης, c2002.
Σειρά:Συγγραφείς απ' όλο τον κόσμο
Θέματα:
Ετικέτες: Προσθήκη ετικέτας
Δεν υπάρχουν, Καταχωρήστε ετικέτα πρώτοι!

MARC

LEADER 00000cam a2200000 i 4500
001 1/69903
008 050204s2002 gr | ||| |||| ||gre||
020 |a 9600333637 
035 |l 10076070 
040 |a GR-MyUA  |b gre  |e AACR2 
041 1 |a gre  |h ger 
082 0 |a 833  |2 (21) 
100 1 |a Arjouni, Jacob. 
245 1 0 |a Μάτζικ Χόφμαν :   |b μυθιστόρημα /   |c Γιάκομπ Αρζούνι ; μετάφραση από τα Γερμανικά Στέφανος Τζαννετάτος.  
260 |a Αθήνα :   |b Καστανιώτης,   |c c2002.  
300 |a 292 σ. ;   |c 22 εκ.  
490 1 |a (Συγγραφείς απ' όλο τον κόσμο (Καστανιώτης))  
500 |a Τίτλος πρωτοτύπου: Magic Hoffmann.  
650 0 0 |a German fiction  |y 20th century. 
830 0 |a Συγγραφείς απ' όλο τον κόσμο 
852 |a INST  |b SYROS  |e 20050204  |h 833 ARJ  |p 005500003651  |q 005500003651  |t BK  |y 0 
901 |a BIBL5-2005-1 
909 |a Ε  |b 116815 
922 |a 5ΕΛΗ  |b 200411  |c 188  |d ΠΛΑΣΤΙΓΓΑ 
950 |a 188-2004-11-03 
970 |a ΤΣΟΥΚΑΛΑ  |b ΑΛΙΚΗ  |z 2005/02/20